000 00725cam a22002171 4500
001 af 47005375
003 DLC
005 20260227110831.0
008 890612s1944 ne a 000 0 dut c
010 _aaf 47005375
035 _a(OCoLC)19854956
040 _aCalifornia. Univ. Libr.
_cCU
_dDLC
042 _apremarc
050 0 0 _aPT5850.L46
_bG4
100 1 _aLannoy, Kathinka.
245 1 4 _aHet geslacht Trigland,
_ctrilogie door Kathinka Lannoy. Mit pentekeningen van de schrijfster.
250 _a2. druk.
260 _aAmsterdam,
_bN.v. Noord-hollandsche uitgevers maatschappij,
_c1944.
300 _a4 p. l., 679 p.
_billus.
_c21 x 16 cm.
505 0 _aHet geslacht Trigland.--In het hol van de wind.--Die Vrye Haghe.
999 _c3085
_d3085